[Event "NOR-ch Seniors-B"]
[Site "Lillehammer"]
[Date "2013.06.29"]
[Round "7"]
[White "Petterson, Tor"]
[Black "Gabrielsen, Oyvind"]
[Result "0-1"]
[WhiteElo "1114"]
[BlackElo "1463"]
[PlyCount "72"]
[EventDate "2013.06.29"]
[EventType "swiss"]
[EventRounds "9"]
[EventCountry "NOR"]
[SourceTitle "EXT 2017"]
[Source "ChessBase"]
[SourceDate "2016.10.25"]
[SourceVersion "1"]
[SourceVersionDate "2016.10.25"]
[SourceQuality "1"]

1. e4 e5 2. Bc4 Nc6 3. c3 Nf6 4. d3 d5 5. exd5 Nxd5 6. h3 Be6 7. Nf3 h6 8. 0-0 Qd7 9. Qe2 Bd6 10. Nh2 0-0-0 11. b4 g5 12. Qf3 Be7 13. Be3 Kb8 14. Rd1 h5 15. Bxd5 Bxd5 16. Qe2 Rdg8 17. f3 f5 18. g4 hxg4 19. hxg4 Rh3 20. c4 Be6 21. Kg2 Rgh8 22. Rh1 fxg4 23. Nd2 gxf3+ 24. Nhxf3 g4 25. Rxh3 Rxh3 26. Nh2 Bxb4 27. Ne4 Qh7 28. Rh1 Qh4 29. Bf2 Qh5 30. Ng3 Qg6 31. Nhf1 Qh7 32. Ne3 Rxh1 33. Nxh1 Qh3+ 34. Kg1 Nd4 35. Qd1 Nf3+ 36. Qxf3 gxf3 0-1

[Event "NOR-ch Seniors-B"]
[Site "Lillehammer"]
[Date "2013.06.29"]
[Round "4"]
[White "Petterson, Tor"]
[Black "Urdal, Jarle M"]
[Result "1-0"]
[WhiteElo "1114"]
[BlackElo "1450"]
[PlyCount "67"]
[EventDate "2013.06.29"]
[EventType "swiss"]
[EventRounds "9"]
[EventCountry "NOR"]
[SourceTitle "EXT 2017"]
[Source "ChessBase"]
[SourceDate "2016.10.25"]
[SourceVersion "1"]
[SourceVersionDate "2016.10.25"]
[SourceQuality "1"]

1. e4 c6 2. Bc4 d5 3. exd5 cxd5 4. Bb3 Nf6 5. h3 Nc6 6. a3 Bf5 7. Nf3 e6 8. d4 Bd6 9. Nh4 Bg6 10. Nxg6 hxg6 11. Nc3 a6 12. Be3 Rc8 13. Ba4 b5 14. Bb3 Na5 15. Ba2 Bxa3 16. Nxb5 Bxb2 17. Rb1 axb5 18. Rxb2 b4 19. Rxb4 0-0 20. Bg5 Qc7 21. Bxf6 Qc3+ 22. Qd2 Qa1+ 23. Bb1 gxf6 24. 0-0 Nc4 25. Qd3 Rc7 26. c3 Na3 27. Rb3 Rfc8 28. Rc1 Rxc3 29. Rbxc3 Rxc3 30. Qxc3 Qxc3 31. Rxc3 Nxb1 32. Rd3 e5 33. dxe5 fxe5 34. Rxd5 1-0